| 000 | 00517nam a22001937a 4500 | ||
|---|---|---|---|
| 003 | OSt | ||
| 005 | 20180116183046.0 | ||
| 008 | 160721b xxu||||| |||| 00| 0 eng d | ||
| 020 | _a0395592453 | ||
| 040 | _c0 | ||
| 082 | _a658.4012 HIL 1992 | ||
| 100 | _aCharles W.L.Hill | ||
| 245 |
_aStrategic Management _bAn Integrated Approach _cCharles W.L.Hill |
||
| 250 | _a2nd Edition | ||
| 260 |
_aUSA _bHoughton Mifflin Company _c1992 |
||
| 300 |
_a980 p. _bHB |
||
| 440 | _aStrategic Management | ||
| 942 |
_2ddc _cBK |
||
| 999 |
_c351441 _d351441 |
||